| 000 | 00379nam a2200145 a 4500 | ||
|---|---|---|---|
| 001 | 000028836 | ||
| 005 | 20200930055152.0 | ||
| 008 | 110412s1985 dr 000 0 spa d | ||
| 040 |
_aDO-SdBNP _bspa _cBNPHU |
||
| 082 |
_axxx _bP965p |
||
| 245 | 0 | 1 | _aLa promesa de la paz mundial. |
| 260 |
_a[Santo Domingo] : _bEditora Búho, _c1985. |
||
| 300 |
_a20 p. ; _c21 cm. |
||
| 049 | _aBNPD | ||
| 999 |
_c28328 _d28328 |
||